000
00266nam a2200097Ia 4500
001
715213
005
20250826162920.0
008
250824s9999 xx 000 0 und d
245
0
_a
YAĞMUR YÜKLÜ BULUTLAR DÜNYADA HARP VARDI
_c
ORHAN KEMAL
260
_b
EVEREST YAYINLARI
999
_c
715213
_d
715213